[Event "Queenstown Classic"]
[Site "Queenstown"]
[Date "2009.01.18"]
[Round "4.10"]
[White "Krivec, Jana"]
[Black "Steadman, Michael"]
[Result "1/2-1/2"]
[WhiteElo "2343"]
[BlackElo "2273"]
[PlyCount "100"]
[EventDate "2009.??.??"]

1. e4 g6 2. d4 Bg7 3. Nc3 d6 4. g3 Nd7 5. Bg2 c5 6. Be3 Ngf6 7. dxc5 Nxc5 8. e5
Ng4 9. Bxc5 dxc5 10. Qxd8+ Kxd8 11. Rd1+ Ke8 12. h3 Nh6 13. f4 Bd7 14. Bxb7 Rb8
15. Bd5 e6 16. Bb3 Nf5 17. Nge2 f6 18. exf6 Bxf6 19. Ne4 Be7 20. Kf2 Bc6 21.
N2c3 Nd4 22. Ba4 Rxb2 23. Rxd4 cxd4 24. Bxc6+ Kf7 25. Ne2 Rxc2 26. Bb5 Rxa2 27.
Rd1 Rd8 28. Ke1 a6 29. Bc4 Ra4 30. Bd3 Ra3 31. Ng1 h6 32. Nf3 Bf6 33. Nxf6 Kxf6
34. h4 Rb8 35. Ke2 Rb4 36. Ne5 a5 37. Kf3 Rc3 38. Ke4 a4 39. Nf3 a3 40. Ra1 Ra4
41. Ra2 Rc1 42. Bb5 Ra5 43. Nxd4 Rg1 44. Kf3 Rb1 45. Bd3 Rb2 46. Ra1 Rd5 47.
Ke3 a2 48. Bc4 Ra5 49. Bxe6 Rg2 50. Ke4 Rxg3 1/2-1/2

[Event "Queenstown Classic"]
[Site "Queenstown"]
[Date "2009.01.18"]
[Round "4.11"]
[White "Johansen, Darryl"]
[Black "Stojic, Dusan"]
[Result "1-0"]
[WhiteElo "2455"]
[BlackElo "2219"]
[PlyCount "135"]
[EventDate "2009.??.??"]

1. d4 c5 2. d5 e6 3. c4 exd5 4. cxd5 d6 5. e4 Nf6 6. Nc3 g6 7. Nf3 Bg7 8. h3
O-O 9. Bd3 b5 10. Bxb5 Nxe4 11. Nxe4 Qa5+ 12. Nfd2 Qxb5 13. Nxd6 Qa6 14. N2c4
Nd7 15. O-O Nb6 16. Nxc8 Raxc8 17. Nxb6 Qxb6 18. Rb1 Rfd8 19. Bf4 Qb7 20. d6
Bf8 21. Qd3 Bxd6 22. Bxd6 Rc6 23. Rfd1 Rcxd6 24. Qxd6 Rxd6 25. Rxd6 c4 26. Rd2
c3 27. Rc2 cxb2 28. Rbxb2 Qd5 29. Rd2 Qc4 30. Rbc2 Qb5 31. h4 h5 32. g3 Kg7 33.
Kh2 Qe5 34. Rc4 Qe6 35. Rf4 Qa6 36. a4 Qc6 37. Re2 Qd6 38. Re3 f6 39. Ref3 f5
40. Rb3 Kf6 41. Rb7 Qc5 42. Rb5 Qc3 43. Rd5 Ke6 44. Rdd4 Qc6 45. Rc4 Qb7 46.
Rc5 Qb6 47. Rc2 Kd5 48. Re2 Qb7 49. Re3 Kd6 50. Re8 Qc6 51. Re2 Qa6 52. Rc2 Qb7
53. Rd4+ Ke5 54. Rdc4 Kd6 55. Rd2+ Ke6 56. Rc3 Qb4 57. Rc6+ Ke5 58. Re2+ Kd4
59. Rxg6 Qxa4 60. Rd6+ Kc3 61. Re3+ Kc2 62. Rf3 Qe4 63. Rf4 Qe5 64. Rh6 a5 65.
Rxh5 Qe2 66. Rhxf5 Qd2 67. Ra4 Kd1 68. Raxa5 1-0

[Event "Queenstown Classic"]
[Site "Queenstown"]
[Date "2009.01.18"]
[Round "4.12"]
[White "Zawadzka, Jolanta"]
[Black "Dragicevic, Domagoj"]
[Result "0-1"]
[WhiteElo "2385"]
[BlackElo "2205"]
[PlyCount "82"]
[EventDate "2009.??.??"]

1. e4 c5 2. Nf3 d6 3. d4 cxd4 4. Nxd4 Nf6 5. Nc3 a6 6. Bg5 e6 7. f4 Qb6 8. Nb3
Be7 9. Qf3 Nbd7 10. O-O-O Qc7 11. Bd3 b5 12. g4 Bb7 13. Rhe1 b4 14. Ne2 Nc5 15.
Bxf6 Nxd3+ 16. Rxd3 gxf6 17. Ng3 a5 18. Kb1 a4 19. Nd4 Rc8 20. Rd2 a3 21. g5
fxg5 22. fxg5 axb2 23. Rf1 Rf8 24. Qb3 Qa5 25. Rdf2 Ba6 26. Nge2 Bc4 27. Qxb2
Bxg5 28. Nb3 Qe5 29. Qxe5 dxe5 30. Rg2 h6 31. Rf3 Rd8 32. Nec1 Rd1 33. Kb2 Ke7
34. c3 Rb8 35. Ne2 Bd3 36. Rxd3 Rxd3 37. cxb4 Rxb4 38. Kc2 Re3 39. Ng3 Bf4 40.
Nd2 Ra4 41. Kb2 Rea3 0-1

[Event "Queenstown Classic"]
[Site "Queenstown"]
[Date "2009.01.18"]
[Round "4.13"]
[White "Motoc, Alina"]
[Black "Lauterbach, Ingrid"]
[Result "1-0"]
[WhiteElo "2358"]
[BlackElo "2154"]
[PlyCount "20"]
[EventDate "2009.??.??"]

1. d4 g6 2. c4 d6 3. Nc3 Nf6 4. e4 Bg7 5. h3 O-O 6. Bg5 Qe8 7. Bd3 e5 8. d5 a5
9. Nge2 Nfd7 10. a3 Nc5 1-0

[Event "Queenstown Classic"]
[Site "Queenstown"]
[Date "2009.01.18"]
[Round "4.13"]
[White "Motoc, Alina"]
[Black "Lauterbach, Ingrid"]
[Result "1-0"]
[WhiteElo "2358"]
[BlackElo "2154"]
[PlyCount "91"]
[EventDate "2009.??.??"]

1. d4 g6 2. c4 d6 3. Nc3 Nf6 4. e4 Bg7 5. h3 O-O 6. Bg5 Qe8 7. Bd3 e5 8. d5 a5
9. Nge2 Nfd7 10. a3 Nc5 11. Bc2 a4 12. Be3 Bd7 13. O-O Nba6 14. g4 f5 15. f3
fxe4 16. fxe4 Rxf1+ 17. Qxf1 b5 18. cxb5 Bxb5 19. Nxb5 Qxb5 20. Rb1 Rf8 21. Qg2
Nb3 22. Nc3 Qc4 23. Rf1 Nd4 24. Rxf8+ Bxf8 25. Bxa4 Nc5 26. Bd1 Qd3 27. Qd2
Qxd2 28. Bxd2 Nd3 29. b4 Be7 30. Be3 Bh4 31. Kf1 Kf7 32. Be2 Nf4 33. a4 Nfxe2
34. Nxe2 Nc2 35. Bd2 Ke7 36. Ng1 Bg3 37. Ke2 Nd4+ 38. Kd3 Bh2 39. Be3 Bxg1 40.
Bxg1 Nf3 41. Be3 Kd7 42. Ke2 Nh4 43. Bg5 Ng2 44. Kf2 Nf4 45. Bxf4 exf4 46. g5
1-0

[Event "Queenstown Classic"]
[Site "Queenstown"]
[Date "2009.01.18"]
[Round "4.14"]
[White "Schon, Eugene"]
[Black "West, Guy"]
[Result "0-1"]
[WhiteElo "2115"]
[BlackElo "2346"]
[PlyCount "102"]
[EventDate "2009.??.??"]

1. e4 d5 2. exd5 Nf6 3. d4 Bg4 4. Bb5+ Nbd7 5. Be2 Bxe2 6. Qxe2 Nxd5 7. c4 N5f6
8. Nf3 e6 9. O-O Be7 10. Nc3 O-O 11. Bf4 c6 12. Rad1 Re8 13. Qd3 Nf8 14. Ne5
Ng6 15. Nxg6 hxg6 16. a3 Bd6 17. Bxd6 Qxd6 18. Ne4 Qf4 19. Rfe1 Rad8 20. g3 Qf5
21. Kg2 Re7 22. Nxf6+ Qxf6 23. Qf3 Red7 24. Re4 Qxf3+ 25. Kxf3 g5 26. Ke3 f6
27. Rxe6 Kf7 28. Re4 f5 29. Re5 Kf6 30. f4 gxf4+ 31. gxf4 Rh8 32. Kf3 Rxh2 33.
Re2 Rh3+ 34. Kg2 Rh4 35. Kg3 g5 36. fxg5+ Kxg5 37. Red2 f4+ 38. Kg2 Kg4 39. Rf2
Rdh7 40. Rg1 f3+ 41. Kf1+ Kf4 42. Rg8 Rh1+ 43. Rg1 Rxg1+ 44. Kxg1 Ke3 45. d5
cxd5 46. cxd5 Rg7+ 47. Kf1 Rc7 48. Kg1 Rd7 49. Rc2 Rxd5 50. Rc1 Ke2 51. Rc2+
Rd2 0-1

[Event "Queenstown Classic"]
[Site "Queenstown"]
[Date "2009.01.18"]
[Round "4.15"]
[White "Garbett, Paul"]
[Black "Shen, Daniel"]
[Result "1-0"]
[WhiteElo "2329"]
[BlackElo "2098"]
[PlyCount "61"]
[EventDate "2009.??.??"]

1. d4 d5 2. c4 c6 3. Nc3 Nf6 4. cxd5 cxd5 5. Bf4 Nc6 6. e3 Bf5 7. Qb3 Qd7 8.
Nf3 e6 9. Ne5 Qe7 10. Bb5 Rc8 11. Qa4 Qb4 12. Bxc6+ bxc6 13. Qa6 Rc7 14. Nxc6
Qxb2 15. O-O Qb7 16. Nb5 Rd7 17. Qxb7 Rxb7 18. a4 a6 19. Na5 Rd7 20. Nc7+ Kd8
21. Rfc1 Nh5 22. Nc6+ Kc8 23. Nxa6 Nxf4 24. exf4 Kb7 25. Ne5 Re7 26. Nc5+ Ka8
27. Ncd7 f6 28. Rc8+ Kb7 29. Rac1 Rxd7 30. Nxd7 Ba3 31. R1c7+ 1-0

[Event "Queenstown Classic"]
[Site "Queenstown"]
[Date "2009.01.18"]
[Round "4.22"]
[White "Zulfic, Fedja"]
[Black "Smokina, Karolina"]
[Result "1-0"]
[WhiteElo "1956"]
[BlackElo "2251"]
[PlyCount "87"]
[EventDate "2009.??.??"]

1. d4 d5 2. c4 c6 3. cxd5 cxd5 4. Nc3 Nf6 5. Bf4 a6 6. e3 e6 7. Bd3 Nc6 8. Rc1
h6 9. h3 Bd7 10. Nf3 Rc8 11. O-O Na5 12. e4 dxe4 13. Nxe4 Nxe4 14. Rxc8 Qxc8
15. Bxe4 Bb5 16. Ne5 h5 17. Qc1 Nc6 18. Rd1 Ne7 19. Qxc8+ Nxc8 20. Bxb7 Nd6 21.
Bf3 Be7 22. Rc1 g5 23. Bh2 h4 24. Bc6+ Kf8 25. Bxb5 Nxb5 26. Nc6 Bd6 27. a4
Bxh2+ 28. Kxh2 Nd6 29. Nb4 Kg7 30. Nxa6 Ra8 31. Nc5 Nf5 32. Rd1 Rb8 33. b3 Ne7
34. a5 Nc6 35. a6 Kg6 36. d5 exd5 37. Rxd5 f6 38. Rd6 Rc8 39. Nd7 g4 40. hxg4
Kg5 41. Nb6 Rc7 42. Rxc6 Rxc6 43. a7 Rxb6 44. a8=Q 1-0

[Event "Queenstown Classic"]
[Site "Queenstown"]
[Date "2009.01.18"]
[Round "4.23"]
[White "Illingworth, Max"]
[Black "Brown, Andrew"]
[Result "0-1"]
[WhiteElo "2250"]
[BlackElo "1987"]
[PlyCount "106"]
[EventDate "2009.??.??"]

1. d4 g6 2. e4 d6 3. c4 Bg7 4. Nc3 c6 5. Nf3 Qc7 6. Be2 e5 7. O-O Nf6 8. Be3
O-O 9. dxe5 dxe5 10. Nd2 Rd8 11. b4 b6 12. h3 h6 13. Qe1 Nh5 14. Bxh5 gxh5 15.
Qd1 f5 16. exf5 Qf7 17. Nce4 Bxf5 18. f3 Qg6 19. Kh1 Na6 20. Qb3 Nc7 21. Rae1
Kh7 22. Rg1 h4 23. g4 hxg3 24. Rxg3 Qh5 25. Kh2 Ne6 26. Reg1 Kh8 27. Nf2 Rd7
28. Nde4 Rf8 29. c5 Nd4 30. Bxd4 exd4 31. Ng4 Bxg4 32. Rxg4 Qe5+ 33. Kg2 bxc5
34. Rc1 cxb4 35. Rc5 Rd5 36. Rxc6 d3 37. Rc1 a5 38. Re1 Qb2+ 39. Qxb2 Bxb2 40.
Rd1 Rc8 41. Kh2 Rc2+ 42. Rg2 Be5+ 43. Kh1 a4 44. f4 Rxg2 45. Kxg2 Bxf4 46. Kf3
Be5 47. Nd2 Bc3 48. Ke4 Rh5 49. Nf3 d2 50. h4 b3 51. Kd3 bxa2 52. Kxc3 Rc5+ 53.
Kxd2 Rd5+ 0-1

[Event "Queenstown Classic"]
[Site "Queenstown"]
[Date "2009.01.18"]
[Round "4.24"]
[White "Guo- Yuthok, Sherab"]
[Black "Lukey, Stephen G."]
[Result "0-1"]
[WhiteElo "1913"]
[BlackElo "2247"]
[PlyCount "66"]
[EventDate "2009.??.??"]

1. d3 d5 2. c3 Nf6 3. Nf3 Bg4 4. Bg5 Nbd7 5. Na3 e5 6. Nc2 Bd6 7. g3 h6 8. Bxf6
Nxf6 9. Bg2 O-O 10. Qd2 Re8 11. Nh4 c6 12. O-O Qd7 13. Rad1 Rad8 14. f3 Be6 15.
e4 dxe4 16. fxe4 Bg4 17. Bf3 Bxf3 18. Nxf3 Qe6 19. Kh1 Qxa2 20. Ra1 Qb3 21. Ne3
Bc5 22. Nc4 Nxe4 23. Qe2 Nf6 24. Ncxe5 Qe6 25. d4 Bb6 26. Qc2 c5 27. c4 cxd4
28. Nd3 Ng4 29. Nf4 Qc6 30. Qd3 Ne3 31. Nd5 Nxd5 32. cxd5 Qxd5 33. Rae1 Re3 0-1

[Event "Queenstown Classic"]
[Site "Queenstown"]
[Date "2009.01.18"]
[Round "4.25"]
[White "Ikeda, Junta"]
[Black "Anton, Sarah"]
[Result "1-0"]
[WhiteElo "2247"]
[BlackElo "1682"]
[PlyCount "89"]
[EventDate "2009.??.??"]

1. d4 Nf6 2. Nf3 g6 3. c4 Bg7 4. Nc3 O-O 5. h3 d6 6. Bf4 Nbd7 7. Bh2 Re8 8. e3
e5 9. dxe5 dxe5 10. Nxe5 Nxe5 11. Qxd8 Rxd8 12. Bxe5 Be6 13. Nb5 c6 14. Nc7
Rac8 15. Nxe6 fxe6 16. Be2 Rd7 17. Rd1 Rcd8 18. Bf3 Kf7 19. Ke2 Bf8 20. Rxd7+
Rxd7 21. Rd1 Rxd1 22. Kxd1 Nd7 23. Bd4 c5 24. Bc3 b6 25. Bc6 Nf6 26. Be5 Ke7
27. Kc2 Nd7 28. Bc3 Kd6 29. Bb7 Ne5 30. Kb3 Nd3 31. f4 e5 32. Be4 Nc1+ 33. Kc2
Nxa2 34. Bxe5+ Kd7 35. f5 Nb4+ 36. Kd2 g5 37. Bc3 Na2 38. Bf6 h6 39. Bd5 Nb4
40. e4 a6 41. e5 b5 42. Bh8 Nc6 43. e6+ Kd6 44. Bxc6 Kxc6 45. f6 1-0

[Event "Queenstown Classic"]
[Site "Queenstown"]
[Date "2009.01.18"]
[Round "4.26"]
[White "Ansell, Alan"]
[Black "Drummond, Matthew"]
[Result "0-1"]
[WhiteElo "1300"]
[BlackElo "2236"]
[PlyCount "85"]
[EventDate "2009.??.??"]

1. d4 g6 2. e4 Bg7 3. Nc3 a6 4. Nf3 d6 5. Be3 b5 6. Bd3 Bb7 7. a4 b4 8. Ne2 Nf6
9. Ng3 h5 10. h4 Ng4 11. Bd2 c5 12. c3 O-O 13. cxb4 cxd4 14. O-O Nd7 15. b5 a5
16. b4 Nde5 17. Qb1 e6 18. bxa5 Nxf3+ 19. gxf3 Ne5 20. Be2 d3 21. Bd1 Qxh4 22.
a6 Bxa6 23. bxa6 Qf6 24. Ra3 h4 25. Nh1 Rab8 26. Rb3 Nxf3+ 27. Bxf3 Qxf3 28.
Qxd3 Rxb3 29. Qxf3 Rxf3 30. Rb1 Ra8 31. Rb6 Rd3 32. Be3 Kh7 33. Rc6 Be5 34. a7
Rxe3 35. fxe3 Rxa7 36. Rc4 h3 37. Nf2 h2+ 38. Kg2 Rb7 39. Rc2 Rb1 40. Ra2 Rg1+
41. Kf3 Rg3+ 42. Ke2 Rg2 43. a5 0-1

[Event "Queenstown Classic"]
[Site "Queenstown"]
[Date "2009.01.18"]
[Round "4.27"]
[White "Bakker, Sven"]
[Black "Tan, Justin"]
[Result "1-0"]
[WhiteElo "2233"]
[BlackElo "1870"]
[PlyCount "103"]
[EventDate "2009.??.??"]

1. d4 d5 2. c4 c6 3. Nf3 Nf6 4. e3 Bf5 5. Nc3 e6 6. Nh4 Bg6 7. Bd2 Nbd7 8. Nxg6
hxg6 9. g3 Bb4 10. Qe2 Bxc3 11. Bxc3 Ne4 12. Bg2 Nxc3 13. bxc3 f5 14. Rb1 Qa5
15. O-O Qa6 16. Qb2 Rb8 17. cxd5 cxd5 18. Rfc1 Nb6 19. Bf1 Nc4 20. Qb4 Kf7 21.
Bxc4 Qxc4 22. Qxc4 dxc4 23. Rb5 b6 24. Rcb1 g5 25. a4 Rh6 26. f4 Kg6 27. a5
Rbh8 28. R1b2 Kh5 29. axb6 axb6 30. Rxb6 Kg4 31. fxg5 Rg6 32. Kg2 Ra8 33. d5
Kxg5 34. Rxe6 Rxe6 35. dxe6 Ra6 36. Rb7 Rxe6 37. Kf3 Kf6 38. Rd7 Ra6 39. Rd4
Ra4 40. e4 g6 41. exf5 Kxf5 42. h4 Kf6 43. Kf4 Kg7 44. Ke5 Ra5+ 45. Kd6 g5 46.
Rxc4 gxh4 47. Rxh4 Kf6 48. Rf4+ Kg5 49. c4 Ra3 50. c5 Rd3+ 51. Kc7 Rxg3 52. Rf1
1-0

[Event "Queenstown Classic"]
[Site "Queenstown"]
[Date "2009.01.18"]
[Round "4.28"]
[White "Levi, Eddy L"]
[Black "Armstrong, Malcolm J"]
[Result "0-1"]
[WhiteElo "2219"]
[BlackElo "2060"]
[PlyCount "100"]
[EventDate "2009.??.??"]

1. e4 c6 2. d4 d5 3. f3 e6 4. Nc3 Nf6 5. e5 Nfd7 6. f4 c5 7. Nf3 Nc6 8. Ne2 Qb6
9. c3 cxd4 10. cxd4 Bb4+ 11. Nc3 a6 12. g3 Qa7 13. h4 b5 14. Bh3 Nb6 15. O-O
Bd7 16. Kh2 h6 17. Ne2 O-O-O 18. Bd2 Bxd2 19. Qxd2 Kb8 20. b3 Rc8 21. Nc1 Rc7
22. Nd3 Bc8 23. Rac1 Nd7 24. Qb2 g6 25. Rc2 Qb6 26. Rfc1 Bb7 27. Qa3 Rhc8 28.
Qd6 Ncxe5 29. Qxc7+ Qxc7 30. Rxc7 Nxf3+ 31. Kg2 Nxh4+ 32. gxh4 Rxc7 33. Kg3
Rxc1 34. Nxc1 Kc7 35. b4 Kd6 36. Nd3 Nb8 37. Kf3 Nc6 38. Ke3 a5 39. a3 axb4 40.
axb4 f6 41. Bf1 Ne7 42. Nc5 Nf5+ 43. Kd3 Bc6 44. h5 gxh5 45. Bh3 Ng7 46. Ke3
Be8 47. Nb7+ Ke7 48. Nc5 Bg6 49. Bf1 Nf5+ 50. Kd3 Ng3+ 0-1

[Event "Queenstown Classic"]
[Site "Queenstown"]
[Date "2009.01.18"]
[Round "4.29"]
[White "Hohler, Peter"]
[Black "Korenevski, Oleg"]
[Result "1-0"]
[WhiteElo "2214"]
[BlackElo "1954"]
[PlyCount "75"]
[EventDate "2009.??.??"]

1. d4 Nf6 2. c4 e6 3. Nc3 Bb4 4. e3 O-O 5. Nge2 Re8 6. a3 Bf8 7. Ng3 a5 8. Bd3
Nc6 9. O-O d6 10. Bd2 g6 11. Rb1 d5 12. Qc2 e5 13. cxd5 Nxd5 14. Nxd5 Qxd5 15.
Bc4 Qd7 16. d5 Ne7 17. e4 b5 18. Ba2 Bb7 19. f4 Bg7 20. fxe5 Bxe5 21. d6 Qxd6
22. Bxf7+ Kh8 23. Bxe8 Rxe8 24. Bc3 Qb6+ 25. Qf2 Qxf2+ 26. Rxf2 Nc6 27. Rd2 Kg8
28. Bxe5 Nxe5 29. Rc1 Re7 30. a4 bxa4 31. Rc5 Kf7 32. Rxa5 Bc6 33. Rc2 Be8 34.
Ra7 Bc6 35. Ra5 Be8 36. Rac5 c6 37. Ra5 Rb7 38. Rxe5 1-0

[Event "Queenstown Classic"]
[Site "Queenstown"]
[Date "2009.01.18"]
[Round "4.30"]
[White "Pyke, Malcolm"]
[Black "Matheson, Laurence"]
[Result "1-0"]
[WhiteElo "2182"]
[BlackElo "1943"]
[PlyCount "69"]
[EventDate "2009.??.??"]

1. c4 Nf6 2. Nf3 c5 3. g3 g6 4. Bg2 Bg7 5. Nc3 Nc6 6. O-O O-O 7. d4 cxd4 8.
Nxd4 Nxd4 9. Qxd4 d6 10. e4 Be6 11. Qd3 Ng4 12. b3 f5 13. Bb2 g5 14. exf5 Bxf5
15. Qe2 Rb8 16. Ne4 Bxb2 17. Qxb2 h6 18. Rad1 Qe8 19. Qd4 Qg6 20. Nc3 Ne5 21.
f4 gxf4 22. Rxf4 Nc6 23. Qe3 e5 24. Rh4 Qg5 25. Qxg5+ hxg5 26. Rh5 Nd4 27.
Rxg5+ Kf7 28. Rf1 Kf6 29. Rgxf5+ Nxf5 30. g4 Kg5 31. gxf5 Rxf5 32. h4+ Kf6 33.
Nd5+ Ke6 34. Bh3 Rbf8 35. Ne3 1-0

[Event "Queenstown Classic"]
[Site "Queenstown"]
[Date "2009.01.19"]
[Round "5.38"]
[White "Anton, Sarah"]
[Black "Levi, Eddy"]
[Result "0-1"]
[WhiteElo "1682"]
[BlackElo "2219"]
[PlyCount "22"]
[EventDate "2009.??.??"]

1. e4 d5 2. exd5 Nf6 3. d4 Bg4 4. Nf3 Qxd5 5. Be2 Nc6 6. c3 O-O-O 7. O-O Qh5 8.
Bf4 e5 9. h3 exf4 10. hxg4 Nxg4 11. Qc2 Rd6 0-1

[Event "Queenstown Classic"]
[Site "Queenstown"]
[Date "2009.01.18"]
[Round "4.17"]
[White "van der Elburg, Freddie"]
[Black "Safarian, Alek"]
[Result "1-0"]
[WhiteElo "2277"]
[BlackElo "2068"]
[PlyCount "77"]
[EventDate "2009.??.??"]

1. c4 b6 2. Nc3 Bb7 3. d4 f5 4. Nf3 Nf6 5. d5 g6 6. g3 Bg7 7. Bg2 O-O 8. O-O
Re8 9. Bf4 Nh5 10. Be5 Bxe5 11. Nxe5 d6 12. Nf3 e5 13. dxe6 Ng7 14. Nd4 Bxg2
15. Kxg2 c5 16. Ndb5 Nc6 17. Qd5 Ne7 18. Qxd6 Qxd6 19. Nxd6 Red8 20. Nf7 Rd2
21. Rfd1 Rxd1 22. Rxd1 Nxe6 23. Ne5 Rd8 24. Nd5 Kf8 25. Rd3 Nxd5 26. cxd5 Nd4
27. e3 Nb5 28. Nc4 Ke7 29. Kf3 Nd6 30. Nxd6 Kxd6 31. Kf4 h6 32. h4 Re8 33. f3
b5 34. e4 fxe4 35. fxe4 a5 36. Rf3 g5+ 37. Ke3 gxh4 38. gxh4 c4 39. Kd4 1-0

[Event "Queenstown Classic"]
[Site "Queenstown"]
[Date "2009.01.18"]
[Round "4.18"]
[White "Chow, Sam"]
[Black "Marner, Gavin"]
[Result "1-0"]
[WhiteElo "2267"]
[BlackElo "2049"]
[PlyCount "75"]
[EventDate "2009.??.??"]

1. d4 d5 2. c4 c6 3. Nf3 Nf6 4. Qb3 e6 5. Bg5 Be7 6. e3 O-O 7. Nc3 Nbd7 8. Bd3
Re8 9. O-O Nb6 10. c5 Nbd7 11. Qc2 h6 12. Bf4 Nh5 13. g4 Nxf4 14. exf4 Nf8 15.
h3 f5 16. Kh1 Ng6 17. Qd2 Qc7 18. Ne2 fxg4 19. hxg4 Nf8 20. Ne5 b6 21. b4 a5
22. a3 bxc5 23. bxc5 Ba6 24. Bxa6 Rxa6 25. Rab1 Nd7 26. Rb2 Bf6 27. Kg2 Bxe5
28. fxe5 Raa8 29. Rfb1 Rab8 30. Nf4 Rxb2 31. Rxb2 Nf8 32. Rb6 Nd7 33. Ra6 Qd8
34. Kg3 Qg5 35. Qd3 Rb8 36. Rxc6 Rb1 37. Rc8+ Nf8 38. Rxf8+ 1-0

[Event "Queenstown Classic"]
[Site "Queenstown"]
[Date "2009.01.18"]
[Round "4.19"]
[White "Duneas, John"]
[Black "Corke, Anya"]
[Result "1-0"]
[WhiteElo "2075"]
[BlackElo "2260"]
[PlyCount "73"]
[EventDate "2009.??.??"]

1. d4 d5 2. c4 c6 3. Nc3 Nf6 4. Nf3 dxc4 5. e4 b5 6. e5 Nd5 7. a4 e6 8. axb5
Nxc3 9. bxc3 cxb5 10. Ng5 Bb7 11. Qh5 g6 12. Qg4 h6 13. Ne4 Bxe4 14. Qxe4 Qd5
15. Qg4 Nc6 16. Be2 Rc8 17. O-O Qd7 18. Rd1 Ne7 19. Bf3 Rc7 20. Be4 Nd5 21. Bd2
b4 22. cxb4 c3 23. Be3 Bxb4 24. Rdc1 a5 25. Bc2 Kf8 26. Qf3 Kg7 27. h4 Qe7 28.
Rcb1 Qxh4 29. g3 Qe7 30. Kg2 Ba3 31. Rh1 Bb2 32. Rxa5 Nb4 33. Ra8 Rh7 34. Bxh6+
Rxh6 35. Rxh6 Kxh6 36. Rh8+ Kg7 37. Qa8 1-0

[Event "Queenstown Classic"]
[Site "Queenstown"]
[Date "2009.01.19"]
[Round "4.20"]
[White "Bennett, Hilton"]
[Black "Saw, Geoff"]
[Result "0-1"]
[WhiteElo "2032"]
[BlackElo "2257"]
[PlyCount "117"]
[EventDate "2009.??.??"]

1. e4 e6 2. d3 d5 3. Qe2 Bc5 4. Nf3 Ne7 5. g3 O-O 6. Bg2 Nbc6 7. c3 dxe4 8.
dxe4 e5 9. O-O a5 10. Rd1 Qe8 11. Be3 Bxe3 12. Qxe3 f6 13. Na3 Be6 14. Bf1 Qf7
15. b3 a4 16. Bc4 axb3 17. axb3 Rfd8 18. Rxd8+ Rxd8 19. Bxe6 Qxe6 20. Nc4 b5
21. Ncd2 Qd6 22. Ra6 Qd3 23. Qc5 Rd6 24. c4 b4 25. Kg2 g5 26. h3 h5 27. g4 hxg4
28. hxg4 Qe2 29. Qb5 Kf7 30. Qb7 Rxd2 31. Nxd2 Qxg4+ 32. Kh2 Qf4+ 33. Kg2 Qxd2
34. Rxc6 Nxc6 35. Qxc6 Qd6 36. Qa8 Qd1 37. Qc6 Qd6 38. Qa8 Qd3 39. Qc6 g4 40.
Qb7 Kg6 41. Qxb4 Qxe4+ 42. Kg1 Qd4 43. Kg2 Qe4+ 44. Kg1 Qf3 45. Qb8 Kf5 46. b4
g3 47. fxg3 Qxg3+ 48. Kf1 Qf4+ 49. Kg2 Qxc4 50. Qc8+ Kf4 51. Qf8 Qe2+ 52. Kg1
Qe1+ 53. Kg2 Qg3+ 54. Kf1 Qh3+ 55. Ke2 f5 56. Qc5 Qg2+ 57. Kd1 Qe4 58. Qc1+ Qe3
59. Qc4+ 0-1

[Event "Queenstown Classic"]
[Site "Queenstown"]
[Date "2009.01.18"]
[Round "4.21"]
[White "Reilly, Tim"]
[Black "Jackson, Ross"]
[Result "1-0"]
[WhiteElo "2256"]
[BlackElo "2020"]
[PlyCount "79"]
[EventDate "2009.??.??"]

1. d4 Nf6 2. c4 c5 3. d5 e6 4. Nc3 exd5 5. cxd5 d6 6. e4 g6 7. f4 Bg7 8. Bb5+
Nfd7 9. a4 a6 10. Be2 Qh4+ 11. g3 Qd8 12. Nf3 O-O 13. O-O Re8 14. Qc2 Qc7 15.
Bd2 Nf6 16. Rad1 Bh3 17. Rfe1 Ng4 18. Bf1 Bxf1 19. Kxf1 Nd7 20. h3 Nh6 21. g4
f6 22. Kg2 b5 23. axb5 axb5 24. Nxb5 Qb6 25. Na3 Nf7 26. Bc3 Qa6 27. Qd3 Qa4
28. Nc4 Qb3 29. f5 Nde5 30. Bxe5 Qxd3 31. Rxd3 fxe5 32. Nh4 Bf6 33. fxg6 hxg6
34. Nf3 Reb8 35. h4 Rb4 36. b3 Rab8 37. g5 Be7 38. Nfd2 Kg7 39. Ra1 Nd8 40. Rg3
1-0

[Event "Queenstown Classic"]
[Site "Queenstown"]
[Date "2009.01.19"]
[Round "5.4"]
[White "Wells, Peter"]
[Black "Smerdon, David"]
[Result "1/2-1/2"]
[WhiteElo "2513"]
[BlackElo "2463"]
[PlyCount "49"]
[EventDate "2009.??.??"]

1. Nf3 Nf6 2. c4 e6 3. g3 d5 4. d4 dxc4 5. Bg2 Nbd7 6. O-O Nb6 7. Nc3 Be7 8. a4
a5 9. e4 O-O 10. Qe2 Bb4 11. Rd1 Bd7 12. Qc2 Bxc3 13. bxc3 Qe8 14. Re1 Bxa4 15.
Qe2 Qd7 16. Bg5 Bb3 17. Ne5 Qb5 18. Bxf6 gxf6 19. Qg4+ Kh8 20. Qh4 fxe5 21.
Qf6+ Kg8 22. Qg5+ Kh8 23. Qf6+ Kg8 24. Qg5+ Kh8 25. Qf6+ 1/2-1/2

[Event "Queenstown Classic"]
[Site "Queenstown"]
[Date "2009.01.19"]
[Round "5.5"]
[White "Solomon, Stephen"]
[Black "Chow, Samuel"]
[Result "0-1"]
[WhiteElo "2460"]
[BlackElo "2267"]
[PlyCount "78"]
[EventDate "2009.??.??"]

1. e4 e6 2. d4 d5 3. Nc3 Nf6 4. Bg5 dxe4 5. Nxe4 Be7 6. Bxf6 gxf6 7. Nf3 a6 8.
g3 b5 9. Bg2 Bb7 10. Qe2 Nd7 11. O-O O-O 12. Rad1 Bd5 13. Rfe1 c6 14. Qe3 Qb6
15. Qh6 Kh8 16. Qh5 Kg7 17. g4 h6 18. Nh4 Rae8 19. Rd3 Rh8 20. Ng3 Reg8 21.
Nhf5+ Kf8 22. Nxe7 Kxe7 23. Nf5+ Kf8 24. Nd6 Rg6 25. Ne4 Qa5 26. Ra1 f5 27. Ng3
Rxg4 28. Bxd5 cxd5 29. f3 Nf6 30. Qh3 Rg5 31. Kf2 Kg7 32. Ne2 Kh7 33. Qh4 Rhg8
34. Ke3 Qd8 35. Qf4 Rg2 36. Rc3 Nh5 37. Qc7 Qg5+ 38. f4 Rxe2+ 39. Kxe2 Qg2+ 0-1

[Event "Queenstown Classic"]
[Site "Queenstown"]
[Date "2009.01.19"]
[Round "5.6"]
[White "Steadman, Micheal"]
[Black "Johansen, Darryl"]
[Result "0-1"]
[WhiteElo "2273"]
[BlackElo "2455"]
[PlyCount "110"]
[EventDate "2009.??.??"]

1. d4 Nf6 2. c4 c5 3. d5 g6 4. Nc3 d6 5. e4 Bg7 6. h3 O-O 7. Nf3 e6 8. Be2 Re8
9. O-O Na6 10. Re1 exd5 11. exd5 Ne4 12. Nxe4 Rxe4 13. Bd3 Rxe1+ 14. Qxe1 Nb4
15. Be4 Bd7 16. a3 Na6 17. Rb1 b5 18. b3 Qb6 19. Qd1 Nc7 20. Qc2 Qa6 21. Bd3
bxc4 22. bxc4 Ba4 23. Qd2 Ne8 24. Bb2 Rb8 25. Bxg7 Rxb1+ 26. Bxb1 Kxg7 27. Qc3+
Kg8 28. Bd3 Qb6 29. Kf1 Qb3 30. Qxb3 Bxb3 31. Nd2 Ba4 32. Ne4 Kf8 33. Ke2 Ke7
34. Ke3 h6 35. f4 Nf6 36. Nf2 Nd7 37. Ne4 Nf6 38. Nf2 Bd7 39. Kd2 Nh5 40. Ke3
g5 41. fxg5 hxg5 42. Ne4 f6 43. Bf1 Bf5 44. Nc3 Ng3 45. Bd3 Bd7 46. Kf3 Nh5 47.
Bf1 f5 48. Bd3 Nf4 49. Bf1 Ng6 50. Ke3 a6 51. g3 Kf6 52. g4 Ke5 53. Bd3 Nh4 54.
gxf5 Nxf5+ 55. Kd2 Ng3 0-1

[Event "Queenstown Classic"]
[Site "Queenstown"]
[Date "2009.01.19"]
[Round "5.7"]
[White "Goldenberg, Igorl"]
[Black "Reilly, Tim"]
[Result "1/2-1/2"]
[WhiteElo "2398"]
[BlackElo "2256"]
[PlyCount "80"]
[EventDate "2009.??.??"]

1. d4 d6 2. c4 f5 3. Nf3 Nf6 4. g3 g6 5. Bg2 Bg7 6. O-O O-O 7. Nc3 Qe8 8. d5 a5
9. Nd4 Na6 10. b3 Bd7 11. Bb2 Nc5 12. e3 c6 13. Qc2 Rc8 14. Rad1 Qf7 15. Rfe1
Nce4 16. dxc6 bxc6 17. f3 Nc5 18. Ba3 Na6 19. Qd2 Nb4 20. Bb2 Rfd8 21. Na4 c5
22. Nb5 Rb8 23. Nac3 d5 24. Bf1 Bc6 25. a3 d4 26. exd4 cxd4 27. axb4 Bxf3 28.
Be2 Ba8 29. c5 Qxb3 30. Nxd4 Qxb4 31. Ncb5 Qxc5 32. Rc1 Ne4 33. Rxc5 Nxd2 34.
Rc2 Bh6 35. Rxd2 Bxd2 36. Bc4+ Bd5 37. Bxd5+ Rxd5 38. Re2 Bb4 39. Nc7 Rd7 40.
Nde6 Rc8 1/2-1/2